<?xml version="1.0" encoding="UTF-8"?>
<marc:record xmlns:marc="http://www.loc.gov/MARC21/slim">
   <marc:leader>00000nam a2200000 a 4500</marc:leader>
   <marc:datafield ind1="1" ind2=" " tag="100">
      <marc:subfield code="a">Berndorf, Jacques</marc:subfield>
      <marc:subfield code="4">aut</marc:subfield>
      <marc:subfield code="e">Verfasser/-in</marc:subfield>
   </marc:datafield>
   <marc:datafield ind1="0" ind2="0" tag="245">
      <marc:subfield code="a">Der letzte Agent</marc:subfield>
   </marc:datafield>
   <marc:datafield ind1="0" ind2="0" tag="245">
      <marc:subfield code="b">ein Siggi-Baumeister-Krimi</marc:subfield>
   </marc:datafield>
   <marc:datafield ind1="0" ind2="0" tag="245">
      <marc:subfield code="c">Jacques Berndorf</marc:subfield>
   </marc:datafield>
   <marc:datafield ind1=" " ind2="1" tag="264">
      <marc:subfield code="a">Hillesheim</marc:subfield>
      <marc:subfield code="b">KBV-Verl.- und Medienges.</marc:subfield>
      <marc:subfield code="c">2005</marc:subfield>
   </marc:datafield>
   <marc:datafield ind1="1" ind2=" " tag="490">
      <marc:subfield code="a">KBV-Krimi</marc:subfield>
      <marc:subfield code="v">134</marc:subfield>
   </marc:datafield>
   <marc:datafield ind1=" " ind2=" " tag="250">
      <marc:subfield code="a">1. Aufl.</marc:subfield>
   </marc:datafield>
   <marc:datafield ind1="1" ind2=" " tag="520">
      <marc:subfield code="a">Der Journalist Siggi Baumeister hat alle Hände voll zu tun. Nicht nur mit der gräßlich zugerichteten Leiche, die er im Eifelwald findet, gewis-sermaßen fast vor seiner Haustür. Auch eine resolute alte Dame aus Berlin tritt plötzlich auf den Plan und stellt sich als seine Tante Anni vor. Baumeister hat noch nie von ihr gehört. Und schließlich entpuppt sie sich als eine mit allen Wassern gewaschene Frau vom Fach, eine pensionierte Kripo-Kommissarin. Baumeister kann jede Hilfe gebrauchen, denn die Fährte, die er verfolgt, führt ihn direkt zu einem alten Stasi-Komplott, das man erschreckend wendig der neuen politischen Situation angepasst hat. Nur eines hat man beim alten belassen: die Entschlossenheit, lästige Störenfriede gnadenlos zu liquidieren ...</marc:subfield>
   </marc:datafield>
   <marc:datafield ind1=" " ind2=" " tag="020">
      <marc:subfield code="a">9783937001517</marc:subfield>
      <marc:subfield code="9">9783937001517</marc:subfield>
   </marc:datafield>
   <marc:datafield ind1=" " ind2=" " tag="020">
      <marc:subfield code="a">3937001514</marc:subfield>
      <marc:subfield code="9">3937001514</marc:subfield>
   </marc:datafield>
   <marc:datafield ind1=" " ind2=" " tag="041">
      <marc:subfield code="a">ger</marc:subfield>
   </marc:datafield>
   <marc:datafield ind1=" " ind2=" " tag="300">
      <marc:subfield code="a">280 S.</marc:subfield>
   </marc:datafield>
</marc:record>
